IFM Opac

Law of partnership. (Record no. 17043)

MARC details
000 -LEADER
fixed length control field 00329nam a22001337a 4500
020 ## - INTERNATIONAL STANDARD BOOK NUMBER
International Standard Book Number 421158905
082 ## - DEWEY DECIMAL CLASSIFICATION NUMBER
Classification number 346.068DRA.
100 ## - MAIN ENTRY--PERSONAL NAME
Personal name Charles D. Drake.
245 ## - TITLE STATEMENT
Title Law of partnership.
260 ## - PUBLICATION, DISTRIBUTION, ETC.
Place of publication, distribution, etc. London
Name of publisher, distributor, etc. Sweet and Maxwell.
Date of publication, distribution, etc. 1972.
300 ## - PHYSICAL DESCRIPTION
Extent xxiv, 264pg.
Other physical details 21cm.
500 ## - GENERAL NOTE
General note Includes appendix and index.
942 ## - ADDED ENTRY ELEMENTS (KOHA)
Koha item type Books
Holdings
Withdrawn status Lost status Source of classification or shelving scheme Damaged status Not for loan Home library Current library Shelving location Date acquired Full call number Barcode Date last seen Price effective from Koha item type
    Dewey Decimal Classification     IFM Main Campus Library IFM Main Campus Library   03/30/2017 346.068DRA. 0000002728 03/30/2017 03/30/2017 Books